[Event "HUN-chT2 Erkel 1819"]
[Site "Hungary"]
[Date "2019.04.28"]
[Round "9.4"]
[White "Varaljai, Istvan"]
[Black "Vrona, Mihail"]
[Result "1-0"]
[WhiteElo "2044"]
[BlackElo "1936"]
[PlyCount "99"]
[EventDate "2018.10.28"]
[EventType "team-tourn"]
[EventRounds "9"]
[EventCountry "HUN"]
[SourceTitle "EXT 2021"]
[Source "ChessBase"]
[SourceDate "2020.10.23"]
[SourceVersion "1"]
[SourceVersionDate "2020.10.23"]
[SourceQuality "1"]
[WhiteTeam "Sarkany DSE"]
[BlackTeam "Fot"]
[WhiteTeamCountry "HUN"]
[BlackTeamCountry "HUN"]

1. e4 e5 2. Nf3 Nc6 3. d4 exd4 4. Nxd4 Qf6 5. Nf3 Bc5 6. Be2 d6 7. Nc3 Qd8 8. 0-0 Nge7 9. Na4 Bb6 10. Nxb6 axb6 11. b3 0-0 12. c4 Ng6 13. Bb2 Nf4 14. Re1 Nxe2+ 15. Qxe2 Bg4 16. Qe3 Bxf3 17. Qxf3 Qg5 18. Qc3 f6 19. Re3 Qg6 20. a3 Rae8 21. Rae1 Re7 22. h3 Rfe8 23. Rg3 Qf7 24. Qxf6 Qxf6 25. Bxf6 Rf7 26. Bc3 g6 27. Rge3 h6 28. f3 Rfe7 29. Kf2 Kf7 30. f4 Re6 31. g4 R6e7 32. h4 Kg8 33. Kg3 Kf7 34. b4 Ra8 35. Bb2 Rae8 36. R1e2 Kg8 37. g5 h5 38. Bf6 Re6 39. Kf2 Nb8 40. f5 gxf5 41. exf5 Rxe3 42. Rxe3 Rxe3 43. Kxe3 Nd7 44. Bc3 c6 45. Ke4 Kh7 46. g6+ Kh6 47. g7 Kh7 48. f6 Kg8 49. Kf5 Kf7 50. Kg5 1-0

[Event "HUN-chT2 Erkel 1718"]
[Site "Hungary"]
[Date "2018.01.28"]
[Round "7.4"]
[White "Varaljai, Istvan"]
[Black "Szekeres, Tibor"]
[Result "1/2-1/2"]
[WhiteElo "2109"]
[BlackElo "2007"]
[PlyCount "20"]
[EventDate "2017.09.24"]
[EventType "team-tourn"]
[EventRounds "11"]
[EventCountry "HUN"]
[SourceTitle "EXT 2021"]
[Source "ChessBase"]
[SourceDate "2020.10.23"]
[SourceVersion "1"]
[SourceVersionDate "2020.10.23"]
[SourceQuality "1"]
[WhiteTeam "Sarkany DSE"]
[BlackTeam "Pestszentlorinc"]
[WhiteTeamCountry "HUN"]
[BlackTeamCountry "HUN"]

1. e4 c5 2. Nf3 d6 3. d4 cxd4 4. Nxd4 Nf6 5. Nc3 a6 6. a4 e6 7. Be2 Be7 8. 0-0 0-0 9. Kh1 Qc7 10. f4 Nbd7 1/2-1/2

[Event "HUN-chT2 Erkel 1718"]
[Site "Hungary"]
[Date "2017.11.26"]
[Round "4.7"]
[White "Varaljai, Istvan"]
[Black "Banhazi, Istvan"]
[Result "1-0"]
[WhiteElo "2109"]
[BlackElo "2067"]
[PlyCount "67"]
[EventDate "2017.09.24"]
[EventType "team-tourn"]
[EventRounds "11"]
[EventCountry "HUN"]
[SourceTitle "EXT 2021"]
[Source "ChessBase"]
[SourceDate "2020.10.23"]
[SourceVersion "1"]
[SourceVersionDate "2020.10.23"]
[SourceQuality "1"]
[WhiteTeam "Sarkany DSE"]
[BlackTeam "Budapest MAFC"]
[WhiteTeamCountry "HUN"]
[BlackTeamCountry "HUN"]

1. e4 c5 2. Nf3 d6 3. d4 cxd4 4. Nxd4 Nf6 5. Nc3 a6 6. a4 e5 7. Nb3 Be6 8. Be2 Be7 9. 0-0 Nc6 10. Bf3 Nb4 11. Re1 Rc8 12. a5 Qd7 13. Re2 0-0 14. Na4 Qb5 15. Nc3 Qc6 16. Bg5 Rfd8 17. Bxf6 Bxf6 18. Nd5 Bxd5 19. exd5 Qb5 20. Be4 Rc4 21. c3 Rxe4 22. Rxe4 Nxd5 23. c4 Qb4 24. Qxd5 Qxb3 25. Ree1 Be7 26. Red1 Rc8 27. Rac1 h6 28. g3 Rc5 29. Qd3 Qa4 30. b4 Qxb4 31. Rb1 Qxa5 32. Rxb7 Bf8 33. Rb8 Qc7 34. Qxd6 1-0

[Event "HUN-chT2 Erkel 1718"]
[Site "Hungary"]
[Date "2017.09.24"]
[Round "1.6"]
[White "Varaljai, Istvan"]
[Black "Fordan, Tibor"]
[Result "0-1"]
[WhiteElo "2109"]
[BlackElo "2169"]
[PlyCount "110"]
[EventDate "2017.09.24"]
[EventType "team-tourn"]
[EventRounds "11"]
[EventCountry "HUN"]
[SourceTitle "EXT 2021"]
[Source "ChessBase"]
[SourceDate "2020.10.23"]
[SourceVersion "1"]
[SourceVersionDate "2020.10.23"]
[SourceQuality "1"]
[WhiteTeam "Sarkany DSE"]
[BlackTeam "Budapest EAC"]
[WhiteTeamCountry "HUN"]
[BlackTeamCountry "HUN"]

1. e4 e5 2. Nf3 Nc6 3. d4 exd4 4. c3 d5 5. exd5 Qxd5 6. cxd4 Bb4+ 7. Nc3 Bg4 8. Be2 Bxc3+ 9. bxc3 Bxf3 10. Bxf3 Qc4 11. Qe2+ Qxe2+ 12. Kxe2 Nge7 13. Rb1 0-0-0 14. Be3 Rhe8 15. Kd3 Ne5+ 16. Ke2 Nxf3 17. Kxf3 Nd5 18. Rb3 Rd6 19. c4 Rf6+ 20. Kg3 Nxe3 21. fxe3 Re4 22. c5 h5 23. Rhb1 b6 24. cxb6 axb6 25. Rc1 h4+ 26. Kh3 Rfe6 27. Rcc3 Kd7 28. g3 hxg3 29. hxg3 Rg6 30. Rb1 Rge6 31. d5 Re7 32. Rbc1 Kd6 33. Rc6+ Kxd5 34. Rxc7 Rxe3 35. Rd1+ Ke6 36. Rc6+ Kf5 37. Rf1+ Kg5 38. Rxb6 f5 39. Rb5 g6 40. Kg2 Ra3 41. Rb3 Rxa2+ 42. Rf2 Ra1 43. Rc2 Re6 44. Rf2 Ra4 45. Rc3 Kg4 46. Rb3 Re5 47. Rc3 g5 48. Rb3 Rae4 49. Rc3 Re3 50. Rc4+ R5e4 51. Rfc2 Rxg3+ 52. Kh2 Rxc4 53. Rxc4+ f4 54. Rb4 Rd3 55. Rb2 Kf3 0-1

[Event "Harkany Tenkes Cup 28th"]
[Site "Harkany"]
[Date "2004.12.02"]
[Round "8"]
[White "Szlabey, Geza"]
[Black "Varaljai, Istvan"]
[Result "1/2-1/2"]
[WhiteElo "2072"]
[BlackElo "100"]
[PlyCount "120"]
[EventDate "2004.11.25"]
[EventType "swiss"]
[EventRounds "9"]
[EventCountry "HUN"]
[SourceTitle "EXT 2008"]
[Source "ChessBase"]
[SourceDate "2007.11.25"]
[SourceVersion "1"]
[SourceVersionDate "2007.11.25"]
[SourceQuality "1"]

1. e4 c5 2. Nf3 Nc6 3. Bb5 e6 4. 0-0 Nge7 5. b3 a6 6. Be2 d5 7. d3 g6 8. Bb2 d4 9. c3 Bg7 10. Qd2 0-0 11. Na3 b5 12. Nc2 e5 13. cxd4 Nxd4 14. Ncxd4 cxd4 15. Rac1 Qd6 16. Qa5 Rb8 17. Qc7 Rd8 18. Rc5 f6 19. Rfc1 Bh6 20. R1c2 Bf8 21. Qxd6 Rxd6 22. Ba3 b4 23. Bc1 Bb7 24. Nd2 Rdd8 25. Bg4 Bc8 26. Bxc8 Rdxc8 27. Rxc8 Rxc8 28. Rxc8 Nxc8 29. Nc4 Kf7 30. Kf1 Ke6 31. Ke2 Na7 32. a4 bxa3 33. Bxa3 Bxa3 34. Nxa3 Kd6 35. Kd2 Kc5 36. Nc2 Nc6 37. Kc1 f5 38. f3 fxe4 39. fxe4 Nb4 40. Ne1 Na2+ 41. Kb2 Nb4 42. Ka3 Kb5 43. Kb2 g5 44. h3 h6 45. Kc1 Kc5 46. Kd2 Nc6 47. Nc2 Kd6 48. Na3 h5 49. Nc4+ Ke6 50. Ke1 Ne7 51. Nb6 Ng6 52. Nd5 Nf4 53. Nxf4+ exf4 54. b4 Kd6 55. Kd2 Kc6 56. Kc2 Kb5 57. Kb3 h4 58. Ka3 a5 59. bxa5 Kxa5 60. Kb3 Kb5 1/2-1/2

[Event "Harkany Tenkes Cup 28th"]
[Site "Harkany"]
[Date "2004.12.01"]
[Round "7"]
[White "Varaljai, Istvan"]
[Black "Malatinszky, Csaba"]
[Result "1-0"]
[WhiteElo "2199"]
[BlackElo "2012"]
[PlyCount "95"]
[EventDate "2004.11.25"]
[EventType "swiss"]
[EventRounds "9"]
[EventCountry "HUN"]
[SourceTitle "EXT 2008"]
[Source "ChessBase"]
[SourceDate "2007.11.25"]
[SourceVersion "1"]
[SourceVersionDate "2007.11.25"]
[SourceQuality "1"]

1. e4 c5 2. Nf3 Nc6 3. d4 cxd4 4. Nxd4 d6 5. Nc3 g6 6. Be3 Bg7 7. Qd2 Nf6 8. f3 Bd7 9. 0-0-0 h5 10. Kb1 Qa5 11. h3 0-0-0 12. Bc4 Rhf8 13. a3 Kb8 14. Qf2 Nxd4 15. Bxd4 Rc8 16. Bb3 Bc6 17. Rhe1 Ne8 18. Bxg7 Nxg7 19. f4 a6 20. g4 hxg4 21. hxg4 f6 22. f5 g5 23. Bd5 Rh8 24. Rh1 Rcf8 25. Qf3 Qb6 26. Rh3 Rh4 27. Rdh1 Rfh8 28. Qg3 Rxh3 29. Rxh3 Rxh3 30. Qxh3 Ne8 31. Qh8 Qd8 32. Bf7 Kc8 33. Be6+ Kb8 34. Qf8 Kc7 35. b4 b6 36. a4 b5 37. axb5 axb5 38. Kb2 Kb7 39. Bd5 Kc7 40. Qf7 Qd7 41. Bxc6 Kxc6 42. Nd5 Kb7 43. c3 Nc7 44. Nxf6 Qc6 45. Qxe7 Qc4 46. Nd5 Qe2+ 47. Ka3 Ka6 48. Qxd6+ 1-0

[Event "HUN-chT2 0102"]
[Site "Hungary"]
[Date "2002.04.21"]
[Round "11"]
[White "Varaljai, Istvan"]
[Black "Juhasz, Mihaly"]
[Result "1-0"]
[WhiteElo "2216"]
[BlackElo "2102"]
[PlyCount "59"]
[EventDate "2001.??.??"]
[EventType "team"]
[EventRounds "11"]
[EventCountry "HUN"]
[SourceTitle "EXT 2004"]
[Source "ChessBase"]
[SourceDate "2003.11.25"]
[SourceVersion "1"]
[SourceVersionDate "2003.11.25"]
[SourceQuality "1"]

1. e4 g6 2. d4 Bg7 3. c4 d6 4. Nc3 Nc6 5. Be3 e5 6. d5 Nce7 7. c5 f5 8. f3 Nf6 9. Bb5+ Kf7 10. cxd6 cxd6 11. Nh3 h6 12. Nf2 f4 13. Bd2 Bd7 14. Be2 a6 15. 0-0 b5 16. b4 Qb6 17. Qb3 g5 18. Kh1 Rhc8 19. a4 h5 20. axb5 axb5 21. Nd3 Ng6 22. Rfd1 g4 23. Ra5 Rxa5 24. bxa5 Qxa5 25. Nxb5 Qb6 26. Rb1 Nh4 27. Be1 gxf3 28. gxf3 Ng6 29. Bf2 Qb8 30. Ba7 1-0

[Event "HUN-chT2 0102"]
[Site "Hungary"]
[Date "2002.04.07"]
[Round "10"]
[White "Bai, Attila"]
[Black "Varaljai, Istvan"]
[Result "1-0"]
[WhiteElo "2252"]
[BlackElo "2216"]
[PlyCount "119"]
[EventDate "2001.??.??"]
[EventType "team"]
[EventRounds "11"]
[EventCountry "HUN"]
[SourceTitle "EXT 2004"]
[Source "ChessBase"]
[SourceDate "2003.11.25"]
[SourceVersion "1"]
[SourceVersionDate "2003.11.25"]
[SourceQuality "1"]

1. d4 c5 2. c3 cxd4 3. cxd4 d5 4. Nc3 Nf6 5. Bf4 a6 6. e3 Nc6 7. Bd3 e6 8. a3 Bd6 9. Bxd6 Qxd6 10. f4 b5 11. Nf3 Bb7 12. Ne5 Rc8 13. 0-0 0-0 14. Rf3 Na5 15. Rh3 g6 16. Qe1 Kg7 17. Qh4 h5 18. Qg5 Ne4 19. Bxe4 dxe4 20. Rxh5 Rh8 21. Rh6 Qc7 22. Ng4 Qd8 23. Rxh8 Qxg5 24. fxg5 Rxh8 25. Ne5 Nc4 26. Nxc4 bxc4 27. g3 Bc6 28. Rf1 Rb8 29. Rf2 Rd8 30. h4 Kf8 31. Kg2 Ke7 32. Rd2 Rb8 33. g4 Rb3 34. Kg3 Rb8 35. Kf4 Rh8 36. Rh2 Rf8 37. Nxe4 Rb8 38. h5 Rg8 39. h6 Rh8 40. Nf6 Ba4 41. h7 Bb3 42. Ke5 Kf8 43. e4 Ke7 44. d5 exd5 45. exd5 Bd1 46. d6+ Kd8 47. Kd5 Bb3 48. Kc5 a5 49. Re2 c3 50. bxc3 Be6 51. Kc6 a4 52. Re5 Kc8 53. Ra5 Kb8 54. d7 Bb3 55. Ra8+ Kxa8 56. Kc7 Ka7 57. d8Q Rxd8 58. Kxd8 Kb6 59. h8Q Kc5 60. Qf8+ 1-0

[Event "HUN-chT2 0102"]
[Site "Hungary"]
[Date "2002.02.10"]
[Round "7"]
[White "Imecs, Laszlo"]
[Black "Varaljai, Istvan"]
[Result "1-0"]
[WhiteElo "2189"]
[BlackElo "2216"]
[PlyCount "63"]
[EventDate "2001.??.??"]
[EventType "team"]
[EventRounds "11"]
[EventCountry "HUN"]
[SourceTitle "EXT 2004"]
[Source "ChessBase"]
[SourceDate "2003.11.25"]
[SourceVersion "1"]
[SourceVersionDate "2003.11.25"]
[SourceQuality "1"]

1. e4 c5 2. Nf3 Nc6 3. d4 cxd4 4. Nxd4 e5 5. Nb5 a6 6. Nd6+ Bxd6 7. Qxd6 Qf6 8. Qc7 Nge7 9. Nc3 0-0 10. Be3 Nd4 11. 0-0-0 d5 12. f4 Ne6 13. fxe5 Qh4 14. Qb6 d4 15. g3 Qh5 16. Be2 Qxe5 17. Bxd4 Nxd4 18. Qxd4 Qg5+ 19. Qd2 Qc5 20. Nd5 Be6 21. Qc3 Qxc3 22. Nxe7+ Kh8 23. bxc3 Bxa2 24. Rd7 b5 25. Nd5 f5 26. Kb2 Bc4 27. Bxc4 bxc4 28. e5 Rfe8 29. Re1 Rab8+ 30. Kc1 Kg8 31. e6 a5 32. Nc7 1-0

[Event "HUN-chT2 0102"]
[Site "Hungary"]
[Date "2001.10.14"]
[Round "2"]
[White "Varaljai, Istvan"]
[Black "Nagyajtai, Gabor"]
[Result "1/2-1/2"]
[WhiteElo "2216"]
[BlackElo "2257"]
[PlyCount "115"]
[EventDate "2001.??.??"]
[EventType "team"]
[EventRounds "11"]
[EventCountry "HUN"]
[SourceTitle "EXT 2004"]
[Source "ChessBase"]
[SourceDate "2003.11.25"]
[SourceVersion "1"]
[SourceVersionDate "2003.11.25"]
[SourceQuality "1"]

1. e4 c5 2. Nf3 e6 3. Nc3 a6 4. Be2 Qc7 5. 0-0 Nc6 6. d4 cxd4 7. Nxd4 Nf6 8. a3 Be7 9. Kh1 0-0 10. f4 d6 11. Be3 Bd7 12. Qd3 Rac8 13. Rad1 Rfd8 14. Nf3 Na5 15. Qd4 Nc4 16. Bxc4 Qxc4 17. e5 Ne8 18. Qxc4 Rxc4 19. exd6 Bxd6 20. Bb6 Rdc8 21. Ne5 Bxe5 22. fxe5 Bc6 23. Rd2 Rg4 24. Kg1 Rg5 25. Rdf2 Rxe5 26. Rxf7 Nf6 27. Re7 Kf8 28. Rc7 Rxc7 29. Bxc7 Rg5 30. g3 Ke7 31. Re1 Nd5 32. Ne4 Rg4 33. Bd6+ Kd7 34. Be5 Ne7 35. Nc5+ Kc8 36. Nxe6 Re4 37. Rxe4 Bxe4 38. c4 g6 39. Kf2 Bf5 40. Ng5 h6 41. Nf7 Be6 42. Nd6+ Kd7 43. c5 Bd5 44. Ke3 Nf5+ 45. Nxf5 gxf5 46. Kf4 Ke6 47. h4 h5 48. b4 Bc6 49. Bb2 Ba4 50. Kg5 Bd1 51. Kg6 Bg4 52. Bg7 Kd5 53. Bf8 Kc4 54. a4 Bd1 55. Kg5 Bg4 56. Bd6 Bd1 57. Kxf5 Bxa4 58. Kg5 1/2-1/2

[Event "HUN-chT2 Charousek 0001"]
[Site "Hungary"]
[Date "2001.04.22"]
[Round "11"]
[White "Kovacs, Zoltan2222"]
[Black "Varaljai, Istvan"]
[Result "1/2-1/2"]
[WhiteElo "2067"]
[BlackElo "2153"]
[PlyCount "96"]
[EventDate "2000.11.26"]
[EventType "team"]
[EventRounds "11"]
[EventCountry "HUN"]
[SourceTitle "EXT 2007"]
[Source "ChessBase"]
[SourceDate "2006.11.23"]
[SourceVersion "1"]
[SourceVersionDate "2006.11.23"]
[SourceQuality "1"]
[WhiteTeam "Husi"]
[BlackTeam "Budapest Spartacus"]
[WhiteTeamCountry "HUN"]
[BlackTeamCountry "HUN"]

1. e4 c5 2. c3 d5 3. exd5 Qxd5 4. d4 Nc6 5. Na3 cxd4 6. Nb5 Qd8 7. Nxd4 Nxd4 8. Qxd4 Qxd4 9. cxd4 Bd7 10. Nf3 a6 11. Ne5 Be6 12. Be2 f6 13. Nd3 Bd5 14. 0-0 Rc8 15. Re1 g5 16. Bh5+ Kd8 17. Bd2 e6 18. f4 h6 19. Bf7 Rc2 20. Ba5+ Kd7 21. f5 Rxg2+ 22. Kf1 Rxh2 23. fxe6+ Kc8 24. Rac1+ Kb8 25. Bc7+ Ka7 26. Bxh2 Ne7 27. Nb4 Bf3 28. Bd6 a5 29. Bc5+ Ka8 30. Nd3 h5 31. Rc3 Bc6 32. Bxe7 Bxe7 33. Nc5 h4 34. Ne4 f5 35. Rxc6 bxc6 36. Nf2 Rd8 37. Rd1 g4 38. Bg6 Rd5 39. Kg1 Bf6 40. Re1 Be7 41. Re5 g3 42. Nh3 Rxd4 43. Rxa5+ Kb8 44. Rxf5 Kc7 45. Re5 Rd1+ 46. Kg2 Rd2+ 47. Kf3 Rxb2 48. Re2 Rb8 1/2-1/2

[Event "HUN-chT2 Charousek 0001"]
[Site "Hungary"]
[Date "2001.02.25"]
[Round "7"]
[White "Schenkerik, Csaba"]
[Black "Varaljai, Istvan"]
[Result "1/2-1/2"]
[WhiteElo "2160"]
[BlackElo "2153"]
[PlyCount "88"]
[EventDate "2000.11.26"]
[EventType "team"]
[EventRounds "11"]
[EventCountry "HUN"]
[SourceTitle "EXT 2007"]
[Source "ChessBase"]
[SourceDate "2006.11.23"]
[SourceVersion "1"]
[SourceVersionDate "2006.11.23"]
[SourceQuality "1"]
[WhiteTeam "Vizugy"]
[BlackTeam "Budapest Spartacus"]
[WhiteTeamCountry "HUN"]
[BlackTeamCountry "HUN"]

1. e4 c5 2. Nf3 Nc6 3. d4 cxd4 4. Nxd4 e5 5. Nb5 a6 6. Nd6+ Bxd6 7. Qxd6 Qf6 8. Qxf6 Nxf6 9. Nc3 d5 10. exd5 Nb4 11. Bd3 Nxd3+ 12. cxd3 Bf5 13. Bg5 Bxd3 14. 0-0-0 Bg6 15. Rhe1 Nd7 16. f4 f6 17. Bh4 0-0 18. Bg3 Rfe8 19. fxe5 fxe5 20. Ne4 Rac8+ 21. Kd2 Nf6 22. Nxf6+ gxf6 23. d6 Red8 24. Ke3 Rc6 25. Bh4 Rdxd6 26. Rxd6 Rxd6 27. Rc1 b5 28. g4 h6 29. Rc7 Bf7 30. a3 Kg7 31. Be1 Kg6 32. h4 Rd4 33. h5+ Kg7 34. Kf3 Rf4+ 35. Kg3 f5 36. gxf5 Rxf5 37. Rc6 Rg5+ 38. Kf2 Rxh5 39. Bc3 Rg5 40. Rxa6 h5 41. Rb6 Bc4 42. b3 Bxb3 43. Rxb5 Bc4 44. Rxe5 Rxe5 1/2-1/2

[Event "HUN-chT2 Charousek 0001"]
[Site "Hungary"]
[Date "2001.01.14"]
[Round "4"]
[White "Varaljai, Istvan"]
[Black "Csaba, Arpad"]
[Result "1-0"]
[WhiteElo "2153"]
[BlackElo "2201"]
[PlyCount "43"]
[EventDate "2000.11.26"]
[EventType "team"]
[EventRounds "11"]
[EventCountry "HUN"]
[SourceTitle "EXT 2007"]
[Source "ChessBase"]
[SourceDate "2006.11.23"]
[SourceVersion "1"]
[SourceVersionDate "2006.11.23"]
[SourceQuality "1"]
[WhiteTeam "Budapest Spartacus"]
[BlackTeam "Ajka Banyasz"]
[WhiteTeamCountry "HUN"]
[BlackTeamCountry "HUN"]

1. e4 e6 2. d4 d5 3. exd5 exd5 4. c4 c6 5. Nf3 Bd6 6. Nc3 Ne7 7. Bd3 Bg4 8. 0-0 Qc7 9. h3 dxc4 10. Bxc4 Bh5 11. d5 0-0 12. dxc6 bxc6 13. g4 Bg6 14. Re1 Nd7 15. Bg5 Nb6 16. Bb3 Rfe8 17. Rc1 h6 18. Nb5 Qd7 19. Nxd6 hxg5 20. Nxe8 Qxe8 21. Qd6 Nbc8 22. Qxg6 1-0

[Event "HUN-chT2 Charousek 0001"]
[Site "Hungary"]
[Date "2000.12.03"]
[Round "2"]
[White "Varaljai, Istvan"]
[Black "Kiss, Gergely"]
[Result "1-0"]
[WhiteElo "2153"]
[BlackElo "2270"]
[PlyCount "59"]
[EventDate "2000.11.26"]
[EventType "team"]
[EventRounds "11"]
[EventCountry "HUN"]
[SourceTitle "EXT 2007"]
[Source "ChessBase"]
[SourceDate "2006.11.23"]
[SourceVersion "1"]
[SourceVersionDate "2006.11.23"]
[SourceQuality "1"]
[WhiteTeam "Budapest Spartacus"]
[BlackTeam "Statisztika II"]
[WhiteTeamCountry "HUN"]
[BlackTeamCountry "HUN"]

1. e4 e5 2. Nf3 Nc6 3. d4 exd4 4. Nxd4 Nf6 5. Nc3 Bb4 6. Nxc6 bxc6 7. Bd3 0-0 8. 0-0 d6 9. Bg5 h6 10. Bh4 g5 11. Bg3 Re8 12. f4 Bg4 13. Qe1 Nh5 14. a3 Ba5 15. fxg5 Qxg5 16. Kh1 Qg7 17. Bh4 Re5 18. h3 Be6 19. g4 Kf8 20. gxh5 Rxh5 21. Be2 Bxc3 22. bxc3 Rc5 23. Rf3 Qg6 24. Bd3 Qh5 25. Qf2 Rxc3 26. Rf1 Rxa3 27. Rf6 Re8 28. Qf4 Kg8 29. Rg1+ Kh7 30. Qg3 1-0

[Event "HUN-chT2 9900"]
[Site "Hungary"]
[Date "2000.03.26"]
[Round "10"]
[White "Gerencer, Jozef"]
[Black "Varaljai, Istvan"]
[Result "1/2-1/2"]
[WhiteElo "2134"]
[BlackElo "2116"]
[PlyCount "41"]
[EventDate "1999.09.26"]
[EventType "team"]
[EventRounds "11"]
[EventCountry "HUN"]
[SourceTitle "EXT 2002"]
[Source "ChessBase"]
[SourceDate "2001.11.25"]
[SourceVersion "1"]
[SourceVersionDate "2001.11.25"]
[SourceQuality "1"]

1. Nf3 Nf6 2. b3 e6 3. Bb2 d5 4. e3 Be7 5. c4 0-0 6. d4 b6 7. Nbd2 c5 8. Bd3 Bb7 9. 0-0 Nc6 10. Rc1 Rc8 11. Ne5 cxd4 12. Nxc6 Rxc6 13. Bxd4 Ba3 14. Rc2 Ba6 15. Nb1 Be7 16. Bxf6 Bxf6 17. cxd5 Rxc2 18. Qxc2 Bxd3 19. Qxd3 Qxd5 20. Qxd5 exd5 21. Rc1 1/2-1/2

[Event "HUN-chT2 9900"]
[Site "Hungary"]
[Date "2000.01.23"]
[Round "6"]
[White "Varaljai, Istvan"]
[Black "D Albini, Geza"]
[Result "1/2-1/2"]
[WhiteElo "2116"]
[BlackElo "2200"]
[PlyCount "24"]
[EventDate "1999.09.26"]
[EventType "team"]
[EventRounds "11"]
[EventCountry "HUN"]
[SourceTitle "EXT 2002"]
[Source "ChessBase"]
[SourceDate "2001.11.25"]
[SourceVersion "1"]
[SourceVersionDate "2001.11.25"]
[SourceQuality "1"]

1. e4 c6 2. d4 d5 3. exd5 cxd5 4. Nf3 Nf6 5. Bd3 Bg4 6. Bf4 Nc6 7. c3 e6 8. Nbd2 Bd6 9. Bxd6 Qxd6 10. 0-0 0-0 11. Re1 Rac8 12. h3 Bxf3 1/2-1/2

[Event "HUN-chT2 9900"]
[Site "Hungary"]
[Date "1999.11.21"]
[Round "5"]
[White "Bodnar, Zoltan"]
[Black "Varaljai, Istvan"]
[Result "0-1"]
[WhiteElo "2218"]
[BlackElo "2116"]
[PlyCount "106"]
[EventDate "1999.09.26"]
[EventType "team"]
[EventRounds "11"]
[EventCountry "HUN"]
[SourceTitle "EXT 2002"]
[Source "ChessBase"]
[SourceDate "2001.11.25"]
[SourceVersion "1"]
[SourceVersionDate "2001.11.25"]
[SourceQuality "1"]

1. d4 c5 2. d5 Nf6 3. c4 g6 4. Nc3 Bg7 5. g3 0-0 6. Bg2 d6 7. Nf3 a6 8. a4 Re8 9. 0-0 Nbd7 10. h3 Rb8 11. Re1 Nb6 12. Qd3 Na8 13. e4 Nd7 14. Bf4 f6 15. Nd2 Nc7 16. Be3 Ne5 17. Qe2 Bd7 18. f4 Nf7 19. Reb1 b5 20. a5 f5 21. e5 dxe5 22. Bxc5 exf4 23. gxf4 bxc4 24. Bb6 Qc8 25. Qxc4 Nb5 26. Na4 Nfd6 27. Qd3 Rf8 28. Rd1 Bf6 29. Rac1 Qe8 30. b4 Nd4 31. Nc5 Bb5 32. Qe3 Rc8 33. Ndb3 Nxb3 34. Qxb3 Qf7 35. Ne6 Rfe8 36. Nc7 Rf8 37. Ne6 Rfe8 38. Rc5 Nc4 39. Rc1 Nxb6 40. axb6 Rb8 41. Qe3 Rxb6 42. Nc7 Reb8 43. d6 Rxd6 44. Bd5 e6 45. Nxe6 Re8 46. Re1 Rxd5 47. Rxd5 Bc4 48. Rd6 Bh4 49. Re2 Qe7 50. Rd8 Rxd8 51. Nxd8 Bxe2 52. Qb3+ Kg7 53. Ne6+ Kh6 0-1

[Event "HUN-chT 9697"]
[Site "Hungary"]
[Date "1997.??.??"]
[Round "10"]
[White "Boronyak, Arpad"]
[Black "Varaljai, Istvan"]
[Result "1-0"]
[WhiteElo "2325"]
[BlackElo "2230"]
[PlyCount "119"]
[EventDate "1996.??.??"]
[EventType "team"]
[EventRounds "12"]
[EventCountry "HUN"]
[SourceTitle "EXT 2006"]
[Source "ChessBase"]
[SourceDate "2005.11.24"]
[SourceVersion "1"]
[SourceVersionDate "2005.11.24"]
[SourceQuality "1"]
[WhiteTeam "Csuti"]
[BlackTeam "Torekves"]
[WhiteTeamCountry "HUN"]
[BlackTeamCountry "HUN"]

1. e4 e5 2. Bc4 Nf6 3. d3 Nc6 4. Nf3 Be7 5. 0-0 0-0 6. h3 d6 7. c3 Na5 8. Nbd2 b6 9. Bb5 a6 10. Ba4 Bb7 11. Bc2 c5 12. Re1 Nc6 13. Nf1 Rc8 14. Ng3 g6 15. Bh6 Re8 16. Qd2 b5 17. Rad1 a5 18. a4 b4 19. Bb3 Bf8 20. Bxf8 Rxf8 21. Qh6 Re8 22. Ng5 Re7 23. Nh5 gxh5 24. Qxf6 Qf8 25. Re3 Qg7 26. Qxd6 h4 27. Nf3 Rd8 28. Qxc5 Qf6 29. Nh2 Kh8 30. Ng4 Qg7 31. Bd5 f6 32. Rf3 Rc8 33. Qb6 bxc3 34. bxc3 Rec7 35. Rxf6 Nb8 36. Bxb7 Rxb7 37. Qe6 Rg8 38. Rf5 Re7 39. Qf6 Nd7 40. Qxg7+ Rexg7 41. d4 Nb6 42. Rxe5 Nxa4 43. Rxa5 Nxc3 44. Re1 Rc8 45. e5 Rd7 46. Nf6 Rg7 47. e6 Re7 48. d5 Rd8 49. Re3 Nd1 50. Rb3 h5 51. Ra1 Rf8 52. Ne4 Rd8 53. Rxd1 Rxe6 54. Ng5 Re7 55. d6 Red7 56. Rbd3 Rg8 57. Rd5 Rg6 58. Re1 Rxg5 59. Rxg5 Rxd6 60. Re4 1-0

[Event "Kobanya op"]
[Site "Kobanya"]
[Date "1996.??.??"]
[Round "1"]
[White "Peter, Ambrus"]
[Black "Varaljai, Istvan"]
[Result "1-0"]
[WhiteElo "2435"]
[BlackElo "2195"]
[PlyCount "117"]
[EventDate "1996.??.??"]
[EventType "swiss"]
[EventRounds "9"]
[EventCountry "HUN"]
[SourceTitle "EXT 2004"]
[Source "ChessBase"]
[SourceDate "2003.11.25"]
[SourceVersion "1"]
[SourceVersionDate "2003.11.25"]
[SourceQuality "1"]

1. e4 d6 2. d4 Nf6 3. f3 g6 4. c4 Bg7 5. Nc3 0-0 6. Be3 Nbd7 7. Qd2 Re8 8. Nh3 c6 9. Nf2 b6 10. Be2 Bb7 11. 0-0 Qc7 12. Rfd1 Rad8 13. Rac1 e6 14. Bg5 a6 15. Ng4 c5 16. Nh6+ Kf8 17. dxc5 dxc5 18. Qd6+ Qxd6 19. Rxd6 Rc8 20. Rcd1 Bc6 21. f4 Nb8 22. e5 Ng8 23. Nxg8 Kxg8 24. Kf2 h6 25. Bd8 Bf8 26. R6d2 Nd7 27. Bf3 Rexd8 28. Bxc6 Rxc6 29. Rxd7 Rxd7 30. Rxd7 f6 31. Ne4 Bg7 32. exf6 Bf8 33. Rb7 e5 34. fxe5 Re6 35. Kf3 Rxe5 36. Rxb6 Rf5+ 37. Ke3 Rf1 38. Rxa6 Rb1 39. Rb6 Re1+ 40. Kf3 Rd1 41. a4 Ra1 42. b3 Ra3 43. Kf4 Ra2 44. Kf3 Kf7 45. h4 Ra3 46. g4 Ra1 47. g5 h5 48. Kf4 Rf1+ 49. Ke3 Rh1 50. a5 Rh3+ 51. Kf2 Rxh4 52. a6 Rh2+ 53. Kg3 Ra2 54. Nc3 Ra5 55. Nb5 Ra1 56. a7 Kg8 57. Rb8 Kh7 58. a8Q Bd6+ 59. Kf3 1-0

[Event "HUN-chT 9596"]
[Site "Hungary"]
[Date "1996.??.??"]
[Round "11"]
[White "Tegzes, Laszlo"]
[Black "Varaljai, Istvan"]
[Result "1-0"]
[WhiteElo "2200"]
[BlackElo "2225"]
[PlyCount "87"]
[EventDate "1995.??.??"]
[EventType "team"]
[EventRounds "13"]
[EventCountry "HUN"]
[SourceTitle "EXT 2000"]
[Source "ChessBase"]
[SourceDate "1999.11.16"]
[SourceVersion "1"]
[SourceVersionDate "1999.11.16"]
[SourceQuality "1"]

1. e4 c5 2. d4 cxd4 3. c3 dxc3 4. Nxc3 d6 5. Nf3 Nc6 6. Bc4 e6 7. 0-0 a6 8. Qe2 Bd7 9. Rd1 Qc7 10. Bf4 Ne5 11. Bxe5 dxe5 12. Rac1 Rc8 13. Qd2 Nf6 14. Bb3 Bc6 15. Nd5 Qd8 16. Nxe5 exd5 17. exd5 Bd7 18. Re1 Rxc1 19. Qxc1 Be7 20. d6 Be6 21. Nxf7 Bxf7 22. Rxe7+ Qxe7 23. dxe7 Bxb3 24. Qc8+ Kxe7 25. Qxh8 Bxa2 26. Qxg7+ Bf7 27. g4 h5 28. g5 Ne8 29. Qe5+ Be6 30. f4 Nd6 31. Qf6+ Kd7 32. g6 Nf5 33. g7 Ne7 34. f5 Nxf5 35. g8Q Bxg8 36. Qxf5+ Be6 37. Qxh5 Kd6 38. Kf2 Bd5 39. Ke3 Kc5 40. h4 a5 41. Qe5 b5 42. h5 a4 43. h6 Kb4 44. Qc3# 1-0